<?xml version="1.0" encoding="UTF-8"?>
<record
    xmlns:xsi="http://www.w3.org/2001/XMLSchema-instance"
    xsi:schemaLocation="http://www.loc.gov/MARC21/slim http://www.loc.gov/standards/marcxml/schema/MARC21slim.xsd"
    xmlns="http://www.loc.gov/MARC21/slim">

  <leader>00470nam a2200193 a 4500</leader>
  <controlfield tag="001">ASIN8177543148</controlfield>
  <controlfield tag="003">OSt</controlfield>
  <controlfield tag="005">20150408114142.0</controlfield>
  <controlfield tag="008">130928s2012    xxu                 eng d</controlfield>
  <datafield tag="020" ind1=" " ind2=" ">
    <subfield code="a">9788174731777</subfield>
  </datafield>
  <datafield tag="040" ind1=" " ind2=" ">
    <subfield code="a"> Ma-Un</subfield>
  </datafield>
  <datafield tag="082" ind1=" " ind2=" ">
    <subfield code="2">22</subfield>
    <subfield code="a">574.072</subfield>
  </datafield>
  <datafield tag="100" ind1="1" ind2=" ">
    <subfield code="a"> Negi, K S</subfield>
    <subfield code="9">37514</subfield>
  </datafield>
  <datafield tag="245" ind1="1" ind2="0">
    <subfield code="a">Biostatistics /</subfield>
    <subfield code="c">K S Negi</subfield>
  </datafield>
  <datafield tag="260" ind1=" " ind2=" ">
    <subfield code="a">New Delhi :</subfield>
    <subfield code="b">A.I.T.B.S,</subfield>
    <subfield code="c">2011</subfield>
  </datafield>
  <datafield tag="300" ind1=" " ind2=" ">
    <subfield code="a">252 P.</subfield>
    <subfield code="c">22cm</subfield>
  </datafield>
  <datafield tag="650" ind1=" " ind2=" ">
    <subfield code="a">Biometry</subfield>
    <subfield code="9">5548</subfield>
  </datafield>
  <datafield tag="942" ind1=" " ind2=" ">
    <subfield code="2">ddc</subfield>
    <subfield code="c">BOOK</subfield>
  </datafield>
  <datafield tag="999" ind1=" " ind2=" ">
    <subfield code="c">31164</subfield>
    <subfield code="d">265664</subfield>
  </datafield>
  <datafield tag="952" ind1=" " ind2=" ">
    <subfield code="1">0</subfield>
    <subfield code="2">2013-10-10</subfield>
    <subfield code="4">0</subfield>
    <subfield code="7">0</subfield>
    <subfield code="a">574.072 NKB</subfield>
    <subfield code="c">n1</subfield>
    <subfield code="d">2013-10-10</subfield>
    <subfield code="h">CL</subfield>
    <subfield code="i">00451130</subfield>
    <subfield code="m">CL</subfield>
    <subfield code="r">2013-10-10 00:00:00</subfield>
    <subfield code="t">BOOK</subfield>
    <subfield code="w">ddc</subfield>
    <subfield code="y">0</subfield>
  </datafield>
  <datafield tag="952" ind1=" " ind2=" ">
    <subfield code="1">0</subfield>
    <subfield code="2">2013-10-10</subfield>
    <subfield code="4">0</subfield>
    <subfield code="7">0</subfield>
    <subfield code="a">574.072 NKB</subfield>
    <subfield code="c">n1</subfield>
    <subfield code="d">2013-10-10</subfield>
    <subfield code="h">SZM</subfield>
    <subfield code="i">00451127</subfield>
    <subfield code="m">SZM</subfield>
    <subfield code="r">2013-10-10 00:00:00</subfield>
    <subfield code="t">BOOK</subfield>
    <subfield code="w">ddc</subfield>
    <subfield code="y">0</subfield>
  </datafield>
  <datafield tag="952" ind1=" " ind2=" ">
    <subfield code="1">0</subfield>
    <subfield code="2">2013-10-10</subfield>
    <subfield code="4">0</subfield>
    <subfield code="7">0</subfield>
    <subfield code="a">574.072 NKB</subfield>
    <subfield code="c">n2</subfield>
    <subfield code="d">2013-10-10</subfield>
    <subfield code="h">CL</subfield>
    <subfield code="i">00451132</subfield>
    <subfield code="m">CL</subfield>
    <subfield code="r">2013-10-10 00:00:00</subfield>
    <subfield code="t">BOOK</subfield>
    <subfield code="w">ddc</subfield>
    <subfield code="y">0</subfield>
  </datafield>
  <datafield tag="952" ind1=" " ind2=" ">
    <subfield code="1">0</subfield>
    <subfield code="2">2013-10-10</subfield>
    <subfield code="4">0</subfield>
    <subfield code="7">0</subfield>
    <subfield code="a">574.072 NKB</subfield>
    <subfield code="c">n2</subfield>
    <subfield code="d">2013-10-10</subfield>
    <subfield code="h">SZM</subfield>
    <subfield code="i">00451131</subfield>
    <subfield code="m">SZM</subfield>
    <subfield code="r">2013-10-10 00:00:00</subfield>
    <subfield code="t">BOOK</subfield>
    <subfield code="w">ddc</subfield>
    <subfield code="y">0</subfield>
  </datafield>
  <datafield tag="952" ind1=" " ind2=" ">
    <subfield code="1">0</subfield>
    <subfield code="2">2013-10-10</subfield>
    <subfield code="4">0</subfield>
    <subfield code="7">1</subfield>
    <subfield code="a">574.072 NKB</subfield>
    <subfield code="c">n3</subfield>
    <subfield code="d">2013-10-10</subfield>
    <subfield code="h">CL</subfield>
    <subfield code="i">00451129</subfield>
    <subfield code="m">CL</subfield>
    <subfield code="q">2018-10-07</subfield>
    <subfield code="r">2018-10-07 00:00:00</subfield>
    <subfield code="t">BOOK</subfield>
    <subfield code="w">ddc</subfield>
    <subfield code="y">1</subfield>
  </datafield>
  <datafield tag="952" ind1=" " ind2=" ">
    <subfield code="1">0</subfield>
    <subfield code="2">2013-10-10</subfield>
    <subfield code="4">0</subfield>
    <subfield code="7">1</subfield>
    <subfield code="a">574.072 NKB</subfield>
    <subfield code="c">n3</subfield>
    <subfield code="d">2013-10-10</subfield>
    <subfield code="h">SZM</subfield>
    <subfield code="i">00451128</subfield>
    <subfield code="m">SZM</subfield>
    <subfield code="r">2013-10-10 00:00:00</subfield>
    <subfield code="t">BOOK</subfield>
    <subfield code="w">ddc</subfield>
    <subfield code="y">0</subfield>
  </datafield>
</record>
